000 00999nam a22003137a 4500
003 CHAP
005 20220817042936.0
008 971013s1982 r 00010 d
010 _a60670
011 _a61642
035 _a65810
040 _cCHAP
082 _a635.651
_bH3
100 0 0 _aHawlin, Geoffrey
_eed.
_953161
245 _aFaba bean improvement ; proceedings
260 _aThe Hague ; Martinus Nijhoff,
_c1982
300 _a398 p.
_b; gráfs.
490 _aWorld crops: production, utilization and description
_v; 6
590 _aBATCH-UPD
_b10
_c20130110
_lUCH01
_h0101
590 _aBATCH-UPD
_b10
_c20130110
_lUCH01
_h0537
590 _aCONVERSION
_b10
_c20130109
_lUCH01
_h1333
650 1 4 _aHaba
_xCongresos.
_952094
650 1 4 _aHaba
_xMejoramiento.
_952115
700 0 _aWebb, Colin.
_9121263
830 0 _aWorld crops. Production, utilization and description
_v; 6
901 _aBK
942 _cLIBRO
949 _a635.651 H3
_bBC
_cLIBRO
_d33724000263067
_eLIBRO
_h67365
_i65810
_si
999 _c60670
_d60670